Pays champion du monde de : Boxe anglaise par championnat - Statistiques

Statistiques générales
  • Ce quiz a été pris 350 fois
  • Le résultat moyen est 4 sur 10
Statistiques - réponses
Nombre de "Meilleur nation" Masculin Féminim Pays % Correct
3 1 Etats-Unis
99%
9 3 6 Russie
75%
13 13 Cuba
59%
6 1 Ukraine
48%
3 3 Chine
47%
2 1 1 Kazakhstan
28%
2 2 Inde
20%
1 1 Ouzbékistan
18%
1 1 Turquie
17%
5 1 URSS
16%
Aucun quiz correspondant
Distribution des résultats
% des personnes avec chaque résultat
Percentile par nombre de réponses
Votre historique - résultats
Vous n’avez pas pris ce quiz